000
00267nmm a2200085Ia 4500
008
220120s9999||||xx |||||||||||||||||und||
100
_a
Open source for you
245
0
_a
Fedora 22 64 bit live workstation, soas, sabayon 15.06 KDE 6
260
_a
Cyber media Pvt. Ltd.
_c
2015
999
_c
139977
_d
139977